Ιστορικές μνήμες, εν ολίγοις : ιστορικά κείμενα

Αποθηκεύτηκε σε:
Λεπτομέρειες βιβλιογραφικής εγγραφής
Κύριος συγγραφέας: Κουτσοδόντη, Ευαγγελία Γ.
Μορφή: Βιβλίο
Γλώσσα:Greek
Δημοσίευση: Χίος : Ομήρειο Πνευματικό Κέντρο Δήμου Χίου, c2006
Θέματα:
Ετικέτες: Προσθήκη ετικέτας
Δεν υπάρχουν, Καταχωρήστε ετικέτα πρώτοι!

MARC

LEADER 00000cam a2200000 i 4500
001 1/40043
008 070116s2006 gre d
020 |a 960-86604-6-7 
035 |l 10086736 
040 |a GR-MY-UA  |b gre  |e aacr 
041 0 |a gre 
082 0 |a 938.726  |2 (22) 
100 1 |a Κουτσοδόντη, Ευαγγελία Γ. 
245 1 0 |a Ιστορικές μνήμες, εν ολίγοις :  |b ιστορικά κείμενα /  |c Ευαγγελίας Γεωργ. Κουτσοδόντη 
260 |a Χίος :   |b Ομήρειο Πνευματικό Κέντρο Δήμου Χίου,   |c c2006 
300 |a 216 σ.;  |c 24 εκ. 
650 0 0 |a Greco-Turkish war, 1921-1922  |x Personal narratives. 
651 0 |a Greece  |x History  |y 20th century. 
852 |a INST  |b CHIOS  |e 20070116  |h 938.726 ΚΟΥ  |p 005200029117  |q 005200029117  |t BK  |y 0 
852 |a INST  |b LESVOS  |e 20070529  |h 938.726 ΚΟΥ  |p 005100038520  |q 005100038520  |t BK  |y 0 
901 |a BIBL2-2007-1 
901 |a BIBL1-2007-2 
909 |a Χ  |b 130862 
909 |a Λ  |b 132251 
970 |a ΒΑΣΙΛΑΚΗ  |b ΝΙΚΗ  |z 2007/01/16